Statistics for Nations of Italy 1000 AD

Click here to take the quiz!

General Stats

  • This quiz has been taken 53 times
  • The average score is 8 of 13

Answers on the Map

Answers color-coded by a green-red scale on the quiz's map according to % correct below.
Loading ...
Sicily
 

Answer Stats

Answer% Correct
Emirate of Sicily
96%
Republic of Venice
96%
Corsica / Giudocati di Sardinia
92%
Marquisate of Tuscany
92%
Papal States
88%
Byzantine Empire
73%
Kingdom of Lombardy
73%
Marquisate of Verona
44%
Principality of Salerno
29%
Duchy of Amalfi
23%
Principality of Benevento
23%
Principality of Capua
13%
Duchy of Spoleto
13%

Score Distribution

Percentile by Number Answered

Percent of People with Each Score

Your Score History

You have not taken this quiz